| 000 | 00339 a2200109 4500 | ||
|---|---|---|---|
| 001 | ART_29928 | ||
| 005 | 20260410162002.0 | ||
| 008 | 260409a | ||
| 245 | 1 | 0 | _aDolo eventual y tentativa de homicidio |
| 100 | 1 | _aPennisi, Andrés Ricardo | |
| 773 | 0 |
_tIntercátedras _gIV y V Encuentro 2013 - Nº 2 (jun. 2014) _wREV29919 |
|
| 999 |
_c31388 _d31388 |
||